01365nam a22002897a 450000500170000001000260001702000260004303500220006903700130009108200230010410000240012724500830015124600640023424600670029825000110036526000850037627000700046130000250053150000200055661000490057665000520062571000760067794200370075399900170079095201300080795201380093720230920172032.0 aENG-112517 ENG-137139 a9789381904534c880.00 aEN-96049 EN120671 bDBAD/PUB a358.4009542Second aJasjit Singh95719800aDefence from the skies :cby Jasjit SinghbIndian Air Force through 80 years / aDefence from the skies :bIndian Air Force through 80 years aDefence from the skies :beighty years of the Indian Air Force a2nd ed aNew DelhibKW Publishers in association with Centre for Air Power Studiesc2013 a4676/21, First Floor, Ansari Road, Daryaganj, bNew Delhie110002 axxix,300p.c24cm(Hb) aIncludes index  a India. bIndian Air Force xHistory.957199 aAeronautics, Military zIndia xHistory.957200 aCentre for Air Power Studies (New Delhi, India), eissuing body.957201 2ddccENmJASh358.400954eSecond c92539d92539 001040718NFICaDBADbDBADd2015-03-26eDBAD/PUBg1225.00l0o358.400954 JASpEN-96049r2015-03-26 00:00:00t1v1225.00yEN 001040708NFICaDBADbMd2023-06-14eDBAD/PUBg880.00l0o358.400954 JASpEN-120671r2023-06-14 00:00:00t1v880.00w2023-06-14yEN